Hauptstädte des nahen Ostens - Statistiken

Allgemein
  • Dieses Quiz wurde 362 mal gespielt
  • Das Durchschnittsergebnis liegt bei 12 aus 16
Antwortstatistiken
Hint Antwort % Korrekt
Ägypten Kairo
99%
Türkei Ankara
92%
Israel Jerusalem
92%
Iran Teheran
87%
Irak Bagdad
83%
Saudi-Arabien Riad
81%
Kuwait Kuwait
79%
Vereinigte Arabische Emirate Abu Dhabi
77%
Syrien Damaskus
77%
Katar Doha
75%
Libanon Beirut
72%
Zypern Nikosia
71%
Jordanien Amman
70%
Jemen Sanaa
64%
Bahrain Manama
58%
Oman Maskat
57%
Keine übereinstimmenden Quizze gefunden
Verteilung der Resultate
Anzahl Personen mit jedem Resultat
Perzentil nach korrekt beantworteten Fragen
Ihre Resultats-Entwicklung
Sie haben dieses Quiz noch nicht gespielt